[Event "Sparkassen-Open A"]
[Site "Heusenstamm, Martinsee"]
[Date "2023.11.24"]
[Round "6.51"]
[White "Bauer, Laura Sophie"]
[Black "Wolf, Ulrich Martin"]
[Result "1/2-1/2"]
[WhiteElo "1927"]
[BlackElo "2228"]
[PlyCount "33"]
[EventDate "2024.11.21"]
[WhiteTeam "SK Kelheim 1920"]
[BlackTeam "SK Bad Homburg 1927"]

1. e4 c5 2. Nf3 Nc6 3. d4 cxd4 4. Nxd4 e5 5. Nb5 d6 6. c4 Be6 7. N5c3 Nf6 8. Bd3 Be7 9. O-O O-O 10. Nd5 Bxd5 11. cxd5 Nb4 12. Nc3 Nxd3 13. Qxd3 Qd7 14. f3 Nh5 15. Ne2 h6 16. Be3 Bg5 17. Rac1 1/2-1/2

[Event "Sparkassen-Open A"]
[Site "Heusenstamm, Martinsee"]
[Date "2023.11.24"]
[Round "6.52"]
[White "Töpfer, Albrecht"]
[Black "Nickel, Jonas"]
[Result "1-0"]
[WhiteElo "2170"]
[BlackElo "1950"]
[PlyCount "77"]
[EventDate "2024.11.21"]
[WhiteTeam "SC Fulda"]
[BlackTeam "Schachdrachen Büdingen-Wächtersb"]

1. d4 d5 2. Nf3 Nf6 3. Bf4 c5 4. e3 Nc6 5. Nbd2 e6 6. c3 Bd6 7. Bg3 b6 8. Bb5 Bb7 9. Qa4 Qc7 10. Bxd6 Qxd6 11. Ne5 Rc8 12. Qxa7 Qc7 13. dxc5 O-O 14. Nxc6 Bxc6 15. Qxc7 Rxc7 16. cxb6 Rcc8 17. Bxc6 Rxc6 18. Ke2 Rxb6 19. Rhb1 Rfb8 20. b4 Rc8 21. Rb3 Rbc6 22. Kd3 e5 23. b5 e4+ 24. Kc2 Rc5 25. h3 Ne8 26. a4 Nd6 27. Kb2 Kf8 28. Rc1 Ra8 29. Rb4 Ke7 30. Kb3 Nb7 31. Rd4 f5 32. Kb4 Kd6 33. Nb3 Rc4+ 34. Rxc4 dxc4 35. Rd1+ Ke6 36. Nd4+ Ke5 37. Nc6+ Ke6 38. a5 Nd6 39. a6 1-0

[Event "Sparkassen-Open A"]
[Site "Heusenstamm, Martinsee"]
[Date "2023.11.24"]
[Round "6.53"]
[White "Tietzen, Stefan"]
[Black "Serbu, Daniel Elias"]
[Result "1/2-1/2"]
[WhiteElo "1942"]
[BlackElo "2138"]
[PlyCount "86"]
[EventDate "2024.11.21"]
[WhiteTeam "SK 1980 Gernsheim"]
[BlackTeam "SK Langen"]

1. e4 c5 2. Nf3 Nc6 3. d4 cxd4 4. Nxd4 Qc7 5. Nc3 Nf6 6. Be2 e6 7. O-O a6 8. a3 Be7 9. Be3 d6 10. f4 Nxd4 11. Qxd4 e5 12. Qd2 Be6 13. Rfd1 Rc8 14. Rac1 O-O 15. f5 Bd7 16. g4 Bc6 17. Bf3 Kh8 18. Qg2 Nd7 19. g5 Rfd8 20. Qh3 g6 21. Rd2 Nb6 22. Rg2 d5 23. Rg4 h5 24. Rh4 Kg7 25. f6+ Bxf6 26. gxf6+ Kxf6 27. exd5 Bxd5 28. Bxd5 Nxd5 29. Nxd5+ Rxd5 30. Qf3+ Ke6 31. Rb4 b5 32. a4 f5 33. Qg2 Qf7 34. axb5 axb5 35. Ra1 f4 36. Ra6+ Kd7 37. Ra7+ Rc7 38. Rxc7+ Kxc7 39. Qf1 Qd7 40. Bf2 Qg4+ 41. Kh1 Qf3+ 42. Qg2 Rd1+ 43. Bg1 Qe3 1/2-1/2

[Event "Sparkassen-Open A"]
[Site "Heusenstamm, Martinsee"]
[Date "2023.11.24"]
[Round "6.54"]
[White "Pfrengle, Tim"]
[Black "Merz, Leander"]
[Result "1-0"]
[WhiteElo "2091"]
[BlackElo "1935"]
[PlyCount "113"]
[EventDate "2024.11.21"]
[WhiteTeam "SC ML Kastellaun"]
[BlackTeam "Schachforum Darmstadt 1994"]

1. e4 c6 2. d4 d5 3. e5 c5 4. c3 Nc6 5. Be2 cxd4 6. cxd4 Qb6 7. Nc3 Qxd4 8. Nxd5 Qxd1+ 9. Bxd1 Kd8 10. Nf3 Bf5 11. Ba4 e6 12. Bg5+ Kc8 13. Nc3 h6 14. Be3 Bb4 15. Rc1 Nge7 16. O-O Rd8 17. a3 Bxc3 18. Rxc3 Be4 19. Nd4 Kb8 20. Nxc6+ Bxc6 21. Bxc6 Nxc6 22. b4 a5 23. b5 Nxe5 24. Bb6 Rc8 25. Rxc8+ Kxc8 26. Rc1+ Kd7 27. Rc7+ Kd6 28. Rxb7 Rc8 29. h3 Rc1+ 30. Kh2 Nc4 31. Bd8 Nd2 32. g4 Nf3+ 33. Kg3 Rc3 34. Bxa5 Rb3 35. b6 Ke5 36. Rc7 Nd4+ 37. Kg2 Nb5 38. b7 Nxa3 39. Rc3 Rxb7 40. Rxa3 f5 41. Bc3+ Kf4 42. Bd2+ Ke5 43. Re3+ Kf6 44. Bc3+ Kf7 45. Be5 Rb4 46. f3 fxg4 47. hxg4 Rb5 48. Kg3 Kg6 49. Re4 Rb1 50. Rc4 h5 51. gxh5+ Kxh5 52. Rc6 Rg1+ 53. Kf2 Rg6 54. Rc7 Kh6 55. Rc1 Kh7 56. Rh1+ Kg8 57. Rg1 1-0

[Event "Sparkassen-Open A"]
[Site "Heusenstamm, Martinsee"]
[Date "2023.11.24"]
[Round "6.55"]
[White "Trumpp, Lothar"]
[Black "Burkhardt, Holger"]
[Result "0-1"]
[WhiteElo "1908"]
[BlackElo "2087"]
[PlyCount "82"]
[EventDate "2024.11.21"]
[WhiteTeam "VSG 1880 Offenbach"]
[BlackTeam "SK 1858 Gießen"]

1. b3 e5 2. Bb2 d6 3. e3 Nf6 4. c4 g6 5. Nf3 Bg7 6. d4 e4 7. Nfd2 O-O 8. Nc3 Qe7 9. h3 h5 10. g3 Re8 11. Bg2 Bf5 12. Qc2 Nc6 13. a3 Nxd4 14. Qd1 Nc6 15. Qe2 Rad8 16. O-O d5 17. cxd5 Nxd5 18. Nxd5 Rxd5 19. Bxg7 Kxg7 20. g4 hxg4 21. hxg4 Bxg4 22. Qxg4 Rxd2 23. Rfd1 f5 24. Qf4 Red8 25. Rxd2 Rxd2 26. Rc1 Qd6 27. Qxd6 Rxd6 28. b4 Rd7 29. f3 exf3 30. Bxf3 Ne5 31. Bxb7 Kf6 32. Kf1 c5 33. Bc8 Rc7 34. Rxc5 Rxc5 35. bxc5 Nc4 36. Ba6 Nxe3+ 37. Ke2 Nd5 38. Bc8 Ke5 39. Bd7 Nf6 40. Ba4 Ne4 41. Bb3 Nxc5 0-1

[Event "Sparkassen-Open A"]
[Site "Heusenstamm, Martinsee"]
[Date "2023.11.24"]
[Round "6.56"]
[White "Burkhardt, Jan"]
[Black "Zekovic, Alija"]
[Result "1-0"]
[WhiteElo "1916"]
[BlackElo "2069"]
[PlyCount "93"]
[EventDate "2024.11.21"]
[WhiteTeam "Sfr.Mainz 1928"]
[BlackTeam "Dietzenbach"]

1. e4 e5 2. Nf3 Bc5 3. Nxe5 d6 4. Nf3 Bg4 5. c3 Qf6 6. d4 Bb6 7. Be2 Qg6 8. Qd3 Nf6 9. Nbd2 O-O 10. Nh4 Bxe2 11. Qxe2 Qg5 12. g3 Re8 13. Nb3 Qg4 14. Qxg4 Nxg4 15. f3 Nf6 16. Bg5 Nbd7 17. O-O-O a5 18. Nd2 h6 19. Be3 c5 20. Nc4 Bc7 21. Nf5 d5 22. Ncd6 Re6 23. e5 cxd4 24. cxd4 Ne8 25. Nb5 Bb6 26. Kd2 a4 27. Kd3 Ra5 28. Nbd6 Nxd6 29. Nxd6 Bc7 30. Bd2 Ra6 31. Nf5 Nb6 32. b3 Nd7 33. Rc1 Ba5 34. Bxa5 Rxa5 35. Rc7 Nb6 36. Nd6 axb3 37. axb3 Ra3 38. Kc3 f6 39. f4 fxe5 40. fxe5 Na8 41. Rxb7 Rg6 42. Rf1 Ra6 43. Rb8+ Kh7 44. Rff8 Rgxd6 45. exd6 Rc6+ 46. Kd3 Nb6 47. Rxb6 1-0

[Event "Sparkassen-Open A"]
[Site "Heusenstamm, Martinsee"]
[Date "2023.11.24"]
[Round "6.57"]
[White "Schulze, Manfred"]
[Black "Piotraschke, Jens"]
[Result "1/2-1/2"]
[WhiteElo "1889"]
[BlackElo "2056"]
[PlyCount "79"]
[EventDate "2024.11.21"]
[WhiteTeam "SC Steinbach"]
[BlackTeam "TuS Coswig 1920"]

1. d4 Nf6 2. Nf3 e6 3. Bf4 b6 4. e3 Bb7 5. Nbd2 Be7 6. Bd3 c5 7. c3 d5 8. Ne5 Nbd7 9. Ndf3 Nxe5 10. Nxe5 O-O 11. g4 Ne4 12. h4 f6 13. Nf3 Bd6 14. Qe2 Bxf4 15. exf4 Qd6 16. Qe3 Rae8 17. O-O-O cxd4 18. Nxd4 Nc5 19. Bc2 e5 20. Nf5 Qc7 21. Rhg1 exf4 22. Qh3 Ne4 23. Bxe4 Rxe4 24. g5 Kh8 25. gxf6 g6 26. Ne7 Rxf6 27. Nxd5 Bxd5 28. Rxd5 Qf7 29. Qd3 Rfe6 30. h5 f3 31. hxg6 hxg6 32. Rh1+ Kg7 33. Rd7 Re1+ 34. Rxe1 Rxe1+ 35. Kd2 Re2+ 36. Kd1 Re7 37. Qd4+ Kg8 38. Rd8+ Re8 39. Rd7 Re7 40. Rd8+ 1/2-1/2

[Event "Sparkassen-Open A"]
[Site "Heusenstamm, Martinsee"]
[Date "2023.11.24"]
[Round "6.58"]
[White "Brehme, Ralf-Peter"]
[Black "Schlößner, Henrik"]
[Result "1/2-1/2"]
[WhiteElo "1934"]
[BlackElo "2049"]
[PlyCount "39"]
[EventDate "2024.11.21"]
[WhiteTeam "Vorw.Orient Mainz"]
[BlackTeam "SK Gründau"]

1. f4 e5 2. fxe5 d6 3. exd6 Bxd6 4. Nf3 Nf6 5. g3 O-O 6. Bg2 c5 7. O-O Qc7 8. Nc3 Re8 9. Nb5 Qb6 10. Nxd6 Qxd6 11. d3 Nc6 12. Bf4 Qe7 13. e4 Bg4 14. c3 Rad8 15. Qc2 Qe6 16. b3 b5 17. Rae1 h6 18. h4 Nh5 19. Nh2 Bh3 20. Re3 1/2-1/2

[Event "Sparkassen-Open A"]
[Site "Heusenstamm, Martinsee"]
[Date "2023.11.24"]
[Round "6.59"]
[White "Voss, Georg"]
[Black "Heindrich, Mark"]
[Result "0-1"]
[WhiteElo "1913"]
[BlackElo "2045"]
[PlyCount "62"]
[EventDate "2024.11.21"]
[WhiteTeam "SV Meschede e. V."]
[BlackTeam "SAbt TuS Dotzheim"]

1. Nf3 Nf6 2. g3 b6 3. b3 Bb7 4. Bg2 g6 5. O-O Bg7 6. Bb2 O-O 7. c4 c5 8. Qc2 Nc6 9. a3 d5 10. cxd5 Qxd5 11. Nh4 Qd7 12. Bxc6 Qxc6 13. f3 Rfd8 14. Ng2 Qd7 15. d3 g5 16. Nd2 h6 17. Ne4 Nd5 18. Bxg7 Kxg7 19. Nf2 Nc7 20. Qc3+ f6 21. h4 Nb5 22. Qb2 Nd4 23. hxg5 hxg5 24. Ne4 Qd5 25. Rab1 Rh8 26. Ne3 Qe5 27. Ng4 Qf5 28. Kg2 Rh7 29. e3 Nxf3 30. Qf2 Nh4+ 31. Kg1 Qxg4 0-1

[Event "Sparkassen-Open A"]
[Site "Heusenstamm, Martinsee"]
[Date "2023.11.24"]
[Round "6.60"]
[White "Wuerl, Roland"]
[Black "Kretner, Georg-Ulrich"]
[Result "1-0"]
[WhiteElo "2013"]
[BlackElo "1904"]
[PlyCount "63"]
[EventDate "2024.11.21"]
[WhiteTeam "SC FK Babenhausen 1994"]
[BlackTeam "SC Bad Nauheim"]

1. d4 Nf6 2. Nf3 g6 3. c4 Bg7 4. Nc3 O-O 5. e4 d6 6. h3 Nc6 7. d5 Nb8 8. Be3 e5 9. g4 h5 10. Nh2 hxg4 11. hxg4 Na6 12. Be2 Nc5 13. Qc2 a5 14. O-O-O Bd7 15. g5 Nh7 16. Rdg1 Re8 17. Qd2 Rb8 18. Bg4 f5 19. gxf6 Nxf6 20. f3 Kf7 21. Qg2 Nd3+ 22. Kc2 Nf4 23. Bxf4 exf4 24. Be6+ Kf8 25. Qxg6 Re7 26. Ng4 Nxg4 27. Rxg4 Bxe6 28. dxe6 Kg8 29. Nd5 c6 30. Nf6+ Kf8 31. Rh8+ Bxh8 32. Qg8# 1-0

[Event "Sparkassen-Open A"]
[Site "Heusenstamm, Martinsee"]
[Date "2023.11.24"]
[Round "6.61"]
[White "Junker, Christian"]
[Black "Kulkovets, Roman"]
[Result "1-0"]
[WhiteElo "2023"]
[BlackElo "1853"]
[PlyCount "81"]
[EventDate "2024.11.21"]
[WhiteTeam "SV 1926 Neu-Isenburg"]
[BlackTeam "SAbt TuS Makkabi Ffm"]

1. Nf3 Nf6 2. g3 b6 3. d3 Bb7 4. Bg2 e6 5. O-O d5 6. Nbd2 c5 7. Re1 Be7 8. b3 O-O 9. Bb2 Nc6 10. e4 dxe4 11. dxe4 Qc7 12. e5 Nd5 13. a3 b5 14. h4 Rad8 15. Qe2 a6 16. h5 Rfe8 17. h6 g6 18. c4 bxc4 19. bxc4 Nb6 20. a4 Nb4 21. a5 Nc8 22. Red1 Bf8 23. Nf1 Bxh6 24. N1h2 Rxd1+ 25. Rxd1 Qxa5 26. Ng4 Bg7 27. Qd2 Nc6 28. Bc3 Qd8 29. Qc1 Qe7 30. Qf4 Rd8 31. Rb1 Nb4 32. Ng5 Bxg2 33. Kxg2 h5 34. Nf6+ Bxf6 35. exf6 Qd6 36. Be5 Qc6+ 37. Ne4 Kh7 38. f3 Nd3 39. Qg5 Qa4 40. Bc3 Qc2+ 41. Bd2 1-0

[Event "Sparkassen-Open A"]
[Site "Heusenstamm, Martinsee"]
[Date "2023.11.24"]
[Round "6.62"]
[White "Dorfner, Jeremias"]
[Black "Kuhn, Daniel"]
[Result "1/2-1/2"]
[WhiteElo "1882"]
[BlackElo "2011"]
[PlyCount "55"]
[EventDate "2024.11.21"]
[WhiteTeam "TV-Großostheim 1900 e.V."]
[BlackTeam "SK Landau"]

1. e4 e5 2. Nf3 Nc6 3. Bb5 a6 4. Ba4 Nf6 5. O-O Be7 6. d3 b5 7. Bb3 d6 8. c3 O-O 9. Re1 Na5 10. Bc2 c5 11. d4 Qc7 12. d5 Nc4 13. b3 Nb6 14. Qe2 c4 15. Bb2 Bd7 16. Nbd2 Rfc8 17. Nf1 a5 18. Ne3 Ng4 19. Nd2 Nxe3 20. Qxe3 b4 21. Nxc4 Nxc4 22. bxc4 Qxc4 23. Bd3 Qc5 24. Qxc5 dxc5 25. cxb4 cxb4 26. Rec1 Rxc1+ 27. Bxc1 b3 28. Bb2 1/2-1/2

[Event "Sparkassen-Open A"]
[Site "Heusenstamm, Martinsee"]
[Date "2023.11.24"]
[Round "6.63"]
[White "Sheng, Ming"]
[Black "Fischermann, Simon"]
[Result "1-0"]
[WhiteElo "2009"]
[BlackElo "1885"]
[PlyCount "71"]
[EventDate "2024.11.21"]
[WhiteTeam "SVG Saarbrücken 1970 e.V."]
[BlackTeam "SG Porz e. V."]

1. e4 e5 2. Nf3 Nc6 3. Bc4 Nf6 4. d3 Bc5 5. Nc3 h6 6. O-O O-O 7. h3 d6 8. Na4 Bb6 9. a3 Be6 10. Bxe6 fxe6 11. b4 Qe8 12. c4 Bd4 13. Ra2 a6 14. Nxd4 Nxd4 15. Nc3 Nh5 16. Ne2 Nxe2+ 17. Rxe2 Qg6 18. Re3 Rf7 19. Qg4 Qxg4 20. hxg4 Nf4 21. Kh2 g5 22. g3 Ng6 23. Bd2 Ne7 24. Kg2 Raf8 25. Ree1 Rf3 26. Be3 Kg7 27. Rb1 d5 28. Bc5 Rxd3 29. Bxe7 Rf7 30. Bc5 d4 31. b5 a5 32. b6 c6 33. Rfd1 Rc3 34. Rbc1 Rff3 35. Bd6 Kf6 36. Rh1 1-0

[Event "Sparkassen-Open A"]
[Site "Heusenstamm, Martinsee"]
[Date "2023.11.24"]
[Round "6.64"]
[White "Rondonuwu, Grover"]
[Black "Shanawaz Thabrez, Shahzaib"]
[Result "0-1"]
[WhiteElo "2015"]
[BlackElo "1882"]
[PlyCount "34"]
[EventDate "2024.11.21"]
[WhiteTeam "Sabt Frankfurter TV 1860"]
[BlackTeam "SK Langen"]

1. d4 Nf6 2. Nc3 d5 3. Bf4 g6 4. e3 Bg7 5. h4 O-O 6. h5 c5 7. hxg6 fxg6 8. Nf3 cxd4 9. exd4 Nc6 10. Qd2 Ne4 11. Qe3 Nxc3 12. bxc3 Qa5 13. Kd2 Bg4 14. Bh6 Rxf3 15. gxf3 Bxd4 16. Qg5 Qxc3+ 17. Kc1 Qe1# 0-1

[Event "Sparkassen-Open A"]
[Site "Heusenstamm, Martinsee"]
[Date "2023.11.24"]
[Round "6.65"]
[White "Thomas, Tobias"]
[Black "Koholka, Jan"]
[Result "1/2-1/2"]
[WhiteElo "1979"]
[BlackElo "1865"]
[PlyCount "117"]
[EventDate "2024.11.21"]
[WhiteTeam "SK Langen"]
[BlackTeam "SK Langen"]

1. e4 e6 2. d4 d5 3. exd5 exd5 4. Nf3 Nf6 5. Bd3 Be7 6. O-O Bg4 7. Bg5 O-O 8. Nbd2 c6 9. c3 Nbd7 10. Re1 Re8 11. Qc2 Bh5 12. Ne5 Bg6 13. f4 Bxd3 14. Qxd3 Nb6 15. Re3 Nc8 16. Rh3 Ne4 17. Nxe4 dxe4 18. Qxe4 g6 19. Bxe7 Qxe7 20. Qd3 Nd6 21. Re1 Qf6 22. Rf1 Qe6 23. g4 f6 24. f5 Qe7 25. Nc4 Kg7 26. Re3 Qd7 27. Nxd6 Qxd6 28. Rfe1 Rxe3 29. Qxe3 Kh8 30. fxg6 Qd7 31. Qh3 Rg8 32. Qxh7+ Qxh7 33. gxh7 Rxg4+ 34. Kf2 Rg7 35. Kf3 Kxh7 36. Re2 Rd7 37. Kf4 Kg6 38. Rg2+ Kf7 39. h4 Rd5 40. Rd2 b5 41. b3 Ke6 42. c4 bxc4 43. bxc4 Rf5+ 44. Kg4 Rf1 45. h5 Rg1+ 46. Kh3 Rh1+ 47. Kg4 Rg1+ 48. Kf3 Rh1 49. d5+ cxd5 50. Rxd5 f5 51. Ra5 Rxh5 52. Rxa7 Kd6 53. Ke3 f4+ 54. Kd4 Rf5 55. Ra6+ Kc7 56. Rh6 f3 57. Rh1 Kc6 58. Ke3 Kc5 59. Rf1 1/2-1/2

[Event "Sparkassen-Open A"]
[Site "Heusenstamm, Martinsee"]
[Date "2023.11.24"]
[Round "6.66"]
[White "Mukazhanov, Mansur"]
[Black "Lenz, Joshua"]
[Result "1-0"]
[WhiteElo "1862"]
[BlackElo "2006"]
[PlyCount "115"]
[EventDate "2024.11.21"]
[WhiteTeam "SC Rochade Saarlouis 1993 e.V."]
[BlackTeam "TSV Schott Mainz"]

1. e4 c5 2. Nf3 a6 3. g3 b5 4. Bg2 Bb7 5. d3 Nc6 6. O-O e6 7. Re1 Nf6 8. c3 Be7 9. Nbd2 O-O 10. d4 cxd4 11. cxd4 d5 12. e5 Nd7 13. Nb3 a5 14. Be3 a4 15. Nc5 Bxc5 16. dxc5 Ndxe5 17. Nxe5 Nxe5 18. Bf4 Ng6 19. Bd6 Re8 20. f4 Ne7 21. g4 Nc8 22. Be5 Qd7 23. g5 Ne7 24. Re3 Nf5 25. Rh3 f6 26. gxf6 g6 27. Rc1 Bc6 28. Qg4 Qf7 29. Rcc3 b4 30. Rc1 Ra7 31. Rd3 Rc8 32. h4 h5 33. Qg5 Kh7 34. Kh2 Bb5 35. Rd2 Bc4 36. b3 axb3 37. axb3 Bxb3 38. Rb1 Bc4 39. Rxb4 Rxc5 40. Rb8 Rca5 41. Bh3 Ra2 42. Bb2 Ra8 43. Rb6 R2a6 44. Rb4 Nd6 45. f5 exf5 46. Rg2 Ra2 47. Rb6 Rd8 48. Bc1 Rxg2+ 49. Bxg2 Ne4 50. Qh6+ Kg8 51. Rb7 Qxb7 52. Qxg6+ Kh8 53. Bb2 Qc7+ 54. Kh1 Ng3+ 55. Kg1 Qb6+ 56. Kh2 Nf1+ 57. Kh1 Ng3+ 58. Qxg3 1-0

[Event "Sparkassen-Open A"]
[Site "Heusenstamm, Martinsee"]
[Date "2023.11.24"]
[Round "6.67"]
[White "Schwarz, David"]
[Black "Raumanns, Niklas"]
[Result "1-0"]
[WhiteElo "1948"]
[BlackElo "1844"]
[PlyCount "58"]
[EventDate "2024.11.21"]
[WhiteTeam "SF Birkenfeld"]
[BlackTeam "SC Bergen-Enkheim 1922"]

1. d4 Nf6 2. c4 e5 3. dxe5 Ng4 4. e4 Nxe5 5. f4 Ng6 6. Nf3 Bb4+ 7. Bd2 Bxd2+ 8. Qxd2 d6 9. Nc3 O-O 10. h4 h5 11. O-O-O Bg4 12. Be2 Nd7 13. Rdf1 Nf6 14. Nh2 Qd7 15. Nxg4 Nxg4 16. f5 N6e5 17. Qg5 g6 18. Bxg4 Nxg4 19. Nd5 Qa4 20. fxg6 Qxc4+ 21. Nc3 Qc5 22. gxf7+ Kh8 23. Rf5 Qe3+ 24. Qxe3 Nxe3 25. Rxh5+ Kg7 26. Rh3 Nc4 27. Rg3+ Kxf7 28. Nd5 c6 29. Rf5+ Ke6 1-0

[Event "Sparkassen-Open A"]
[Site "Heusenstamm, Martinsee"]
[Date "2023.11.24"]
[Round "6.68"]
[White "Sasikumar Anitha, Sarvesh"]
[Black "Müller, Mark"]
[Result "0-1"]
[WhiteElo "1827"]
[BlackElo "2000"]
[PlyCount "92"]
[EventDate "2024.11.21"]
[WhiteTeam "SK 1858 Gießen"]
[BlackTeam "SC Königsflügel Lindenholzhausen"]

1. e4 c5 2. Nf3 e6 3. d4 cxd4 4. Nxd4 Nf6 5. Nc3 Nc6 6. a3 Be7 7. Be2 O-O 8. O-O a6 9. Be3 Qc7 10. Qd2 Ne5 11. f3 Nc4 12. Bxc4 Qxc4 13. Kh1 d6 14. Rad1 b5 15. Nb3 Qc7 16. Bd4 e5 17. Be3 Be6 18. f4 Rac8 19. Rc1 Qb7 20. Na5 Qa8 21. f5 Bc4 22. Nxc4 Rxc4 23. Bg5 Rxe4 24. Bxf6 Rd4 25. Qxd4 exd4 26. Bxe7 Re8 27. Nxb5 axb5 28. Bxd6 Re2 29. Rg1 Qe4 30. Bc5 h5 31. h3 Re3 32. Kh2 Qf4+ 33. Kh1 Qxf5 34. Bd6 Qd5 35. Bh2 Rxh3 36. Rcd1 Rh4 37. Rd3 Qe5 38. g3 Qd5+ 39. Rg2 Re4 40. Rd1 Re2 41. Rdg1 Rxc2 42. b3 d3 43. b4 Rxg2 44. Rxg2 d2 45. Bg1 d1=Q 46. Kh2 Q1f3 0-1

[Event "Sparkassen-Open A"]
[Site "Heusenstamm, Martinsee"]
[Date "2023.11.24"]
[Round "6.69"]
[White "Neurohr, Jürgen"]
[Black "Wang, Simon"]
[Result "1/2-1/2"]
[WhiteElo "1999"]
[BlackElo "1749"]
[PlyCount "66"]
[EventDate "2024.11.21"]
[WhiteTeam "Sfr.Mainz 1928"]
[BlackTeam "SF Dachau 1932 e.V."]

1. d4 d5 2. c4 c6 3. Nf3 Nf6 4. Nc3 e6 5. Bg5 Be7 6. e3 O-O 7. Qc2 Nbd7 8. Rd1 b6 9. cxd5 Nxd5 10. Bxe7 Qxe7 11. Nxd5 cxd5 12. Bd3 Nf6 13. O-O Bb7 14. Rc1 Rfc8 15. Qb1 h6 16. a3 Ne4 17. Rxc8+ Rxc8 18. Rc1 Nd6 19. Rxc8+ Nxc8 20. Qc2 Qd8 21. Ne5 Ne7 22. h3 f6 23. Ng6 Nxg6 24. Bxg6 Qd7 25. f4 Qc6 26. Qxc6 Bxc6 27. Kf2 Kf8 28. h4 Be8 29. Bd3 Ke7 30. Ke2 Kd6 31. Kd2 e5 32. Bf5 exd4 33. exd4 Bd7 1/2-1/2

[Event "Sparkassen-Open A"]
[Site "Heusenstamm, Martinsee"]
[Date "2023.11.24"]
[Round "6.70"]
[White "Calvi, Stefan"]
[Black "Hildebrand, Azat"]
[Result "1-0"]
[WhiteElo "1978"]
[BlackElo "1591"]
[PlyCount "59"]
[EventDate "2024.11.21"]
[WhiteTeam "SV Oberursel"]
[BlackTeam "TSG Oberschöneweide e.V."]

1. e4 c6 2. Nf3 d5 3. exd5 cxd5 4. Ne5 Nc6 5. d4 a6 6. c3 Nxe5 7. dxe5 Bf5 8. Bd3 Bxd3 9. Qxd3 e6 10. O-O Bc5 11. Qg3 Kf8 12. Nd2 Ne7 13. Nf3 Nf5 14. Qf4 h6 15. h4 b5 16. a4 Qb6 17. g4 Ne7 18. h5 b4 19. Bd2 bxc3 20. Bxc3 Nc6 21. Rac1 Bb4 22. Nd4 Nxd4 23. Qxd4 Be7 24. Ba5 Bd8 25. Bb4+ Ke8 26. Rc6 Qa7 27. Qc3 Kd7 28. Rd6+ Ke8 29. Qc6+ Kf8 30. Rxd8# 1-0

[Event "Sparkassen-Open A"]
[Site "Heusenstamm, Martinsee"]
[Date "2023.11.24"]
[Round "6.71"]
[White "Kuchta, Maksim"]
[Black "Pfarr, Michael"]
[Result "0-1"]
[WhiteElo "1711"]
[BlackElo "1954"]
[PlyCount "46"]
[EventDate "2024.11.21"]
[WhiteTeam "SC Heusenstamm"]
[BlackTeam "SK 1928 Mömbris"]

1. e4 c5 2. Nf3 Nc6 3. d4 cxd4 4. Nxd4 Nf6 5. Nc3 e5 6. Ndb5 d6 7. f3 a6 8. Na3 b5 9. Nd5 Be6 10. Nxf6+ gxf6 11. c3 d5 12. Bd3 Bxa3 13. bxa3 Qa5 14. Qd2 Rd8 15. O-O d4 16. Bb2 dxc3 17. Bxc3 Qb6+ 18. Rf2 Bc4 19. Qh6 Rxd3 20. Qxf6 Rg8 21. Bxe5 Rg6 22. Qh8+ Ke7 23. Bg3 Rxg3 0-1

[Event "Sparkassen-Open A"]
[Site "Heusenstamm, Martinsee"]
[Date "2023.11.24"]
[Round "6.72"]
[White "Windmüller, Simon"]
[Black "Jansen, Malte"]
[Result "1/2-1/2"]
[WhiteElo "2108"]
[BlackElo "1863"]
[PlyCount "56"]
[EventDate "2024.11.21"]
[WhiteTeam "SC Turm Illingen"]
[BlackTeam "SJ Herborn 1998"]

1. d4 d5 2. c4 e6 3. Nf3 Nf6 4. Nc3 Nbd7 5. Bf4 c6 6. e3 Be7 7. h3 O-O 8. cxd5 Nxd5 9. Bh2 Nxc3 10. bxc3 b6 11. Bd3 Bb7 12. O-O Rc8 13. a4 c5 14. Qe2 Bf6 15. a5 Qe7 16. Ba6 Nb8 17. Bxb7 Qxb7 18. axb6 axb6 19. Rfb1 cxd4 20. cxd4 Rc6 21. Qb5 Nd7 22. Nd2 Rfc8 23. Bg3 e5 24. Ne4 exd4 25. Nxf6+ Nxf6 26. exd4 h6 27. Bf4 Qd7 28. Qd3 Nd5 1/2-1/2

[Event "Sparkassen-Open A"]
[Site "Heusenstamm, Martinsee"]
[Date "2023.11.24"]
[Round "6.73"]
[White "Henrich, Thomas"]
[Black "Kirchmann, Sascha"]
[Result "1-0"]
[WhiteElo "2085"]
[BlackElo "1850"]
[PlyCount "61"]
[EventDate "2024.11.21"]
[WhiteTeam "SK Marburg 1931/72"]
[BlackTeam "SAbt SU Mühlheim"]

1. e4 d5 2. exd5 Qxd5 3. Nc3 Qa5 4. d4 Nf6 5. Bc4 Bf5 6. Bd2 c6 7. Nf3 e6 8. Qe2 Bb4 9. a3 Bxc3 10. Bxc3 Qc7 11. Ne5 Nbd7 12. O-O-O Nxe5 13. dxe5 Nd5 14. Bd2 O-O-O 15. g4 Bg6 16. f4 h5 17. h3 Rde8 18. Bb3 hxg4 19. hxg4 f5 20. c4 Ne7 21. Bc2 Reg8 22. Be3 Rxh1 23. Rxh1 fxg4 24. Bxg6 Nxg6 25. Qxg4 Qf7 26. Rg1 Ne7 27. Bxa7 Nf5 28. Bb6 Nh6 29. Qh4 Rf8 30. Rd1 Qe8 31. Qe1 1-0

[Event "Sparkassen-Open A"]
[Site "Heusenstamm, Martinsee"]
[Date "2023.11.24"]
[Round "6.74"]
[White "Faßler, Felix"]
[Black "von Auer, Ulrich"]
[Result "1/2-1/2"]
[WhiteElo "1857"]
[BlackElo "2007"]
[PlyCount "61"]
[EventDate "2024.11.21"]
[WhiteTeam "SC Fulda"]
[BlackTeam "SV Oberursel"]

1. e4 e6 2. d4 d5 3. Nd2 Be7 4. Bd3 c5 5. dxc5 Nf6 6. Qe2 O-O 7. Ngf3 a5 8. c3 Na6 9. e5 Nd7 10. h4 f5 11. Bxa6 Rxa6 12. b4 axb4 13. cxb4 Nb8 14. Nb3 Ra4 15. a3 Bd7 16. Bg5 Bxg5 17. hxg5 g6 18. O-O Nc6 19. Qe3 Qa8 20. b5 Na5 21. Nxa5 Qxa5 22. Rfb1 Rc4 23. Nd4 Qa4 24. c6 bxc6 25. bxc6 Bxc6 26. Nxc6 Rxc6 27. Rb7 Rfc8 28. Rab1 Rc3 29. Rb8 Qc4 30. Rxc8+ Qxc8 31. Qb6 1/2-1/2

[Event "Sparkassen-Open A"]
[Site "Heusenstamm, Martinsee"]
[Date "2023.11.24"]
[Round "6.75"]
[White "Müller, Maximilian"]
[Black "Kolker, Vladislav"]
[Result "1-0"]
[WhiteElo "2005"]
[BlackElo "1839"]
[PlyCount "45"]
[EventDate "2024.11.21"]
[WhiteTeam "SVG Saarbrücken 1970 e.V."]
[BlackTeam "SC Bad Nauheim"]

1. e4 e5 2. Nf3 Nc6 3. Bb5 f5 4. d4 fxe4 5. Nxe5 Nf6 6. Bg5 a6 7. Ba4 Qe7 8. Bxc6 dxc6 9. Nc3 Bf5 10. Qe2 c5 11. Nd5 Qd6 12. Nxf6+ gxf6 13. Qh5+ Bg6 14. Nxg6 hxg6 15. Qxh8 fxg5 16. Qe5+ Qxe5 17. dxe5 O-O-O 18. Rd1 Bg7 19. Rxd8+ Kxd8 20. Ke2 Bxe5 21. c3 b5 22. Rd1+ Ke7 23. Rd5 1-0

[Event "Sparkassen-Open A"]
[Site "Heusenstamm, Martinsee"]
[Date "2023.11.24"]
[Round "6.76"]
[White "Alt, Johannes"]
[Black "Rutsatz, Mario"]
[Result "1-0"]
[WhiteElo "1856"]
[BlackElo "1932"]
[PlyCount "113"]
[EventDate "2024.11.21"]
[WhiteTeam "Sfr.Heidesheim"]
[BlackTeam "SC 1961 König Nied"]

1. d4 Nf6 2. Nf3 g6 3. c4 Bg7 4. Nc3 d5 5. Bf4 c5 6. e3 Nc6 7. dxc5 Qa5 8. Qd2 dxc4 9. Bxc4 Qxc5 10. Bb3 Bf5 11. O-O Rd8 12. Qc1 O-O 13. Rd1 Nb4 14. Ne5 Rxd1+ 15. Qxd1 Nh5 16. Nd7 Bxd7 17. Qxd7 Nxf4 18. exf4 Bxc3 19. bxc3 Qxc3 20. Rd1 Qc8 21. Qxe7 Nc6 22. Qf6 Qc7 23. h4 Re8 24. h5 Qe7 25. Qc3 Qh4 26. hxg6 hxg6 27. Rd7 Re7 28. Rxe7 Qxe7 29. f5 gxf5 30. Bc2 Qb4 31. Qg3+ Qg4 32. Qc7 Qb4 33. Qc8+ Kg7 34. Qxf5 Qe1+ 35. Kh2 Qe5+ 36. Qxe5+ Nxe5 37. Kg3 Kf6 38. Kf4 b5 39. Ke4 Nc6 40. Bb3 a5 41. Kd5 Ne5 42. Kc5 b4 43. Kb5 Nd3 44. Kxa5 Nxf2 45. Kxb4 Nd3+ 46. Kb5 Nf4 47. a4 Ke7 48. Kb6 Kd8 49. g3 Ne2 50. g4 f6 51. Be6 Nf4 52. Bf5 Nd5+ 53. Kc6 Nc7 54. a5 Na6 55. Kb6 Nb4 56. a6 Nd5+ 57. Kb7 1-0